Elementos de geometría analítica con arreglo al programa de adminisón en las escuelas politécnica y normal superior / (Record no. 165552)

MARC details
000 -LEADER
campo de control de longitud fija 00826nam a2200193 4500
001 - NÚMERO DE CONTROL
campo de control 165552
003 - IDENTIFICADOR DE NÚMERO DE CONTROL
campo de control ES-MaACL
005 - FECHA Y HORA DE LA ÚLTIMA TRANSACCIÓN
campo de control 20230906213148.0
008 - DATOS DE LONGITUD FIJA--INFORMACIÓN GENERAL
campo de control de longitud fija 950405s1865 sp f |||| | spa d
040 ## - FUENTE DE CATALOGACIÓN
Centro catalogador/agencia de origen EUS
Lengua de catalogación spa
Centro/agencia transcriptor EUS
100 1# - ENTRADA PRINCIPAL--NOMBRE DE PERSONA
Nombre de persona Sonnet, Hyppolyte.
9 (RLIN) 132817
245 10 - MENCIÓN DEL TÍTULO
Título Elementos de geometría analítica con arreglo al programa de adminisón en las escuelas politécnica y normal superior /
Mención de responsabilidad, etc. por H. Sonnet, G. Frontera ; traducidos al castellano de la última edición francesa por Manuel María Barbery.
260 ## - PUBLICACIÓN, DISTRIBUCIÓN, ETC.
Lugar de publicación, distribución, etc. Madrid :
Nombre del editor, distribuidor, etc. Carlos Bailly-Bailliere,
Fecha de publicación, distribución, etc. 1865.
300 ## - DESCRIPCIÓN FÍSICA
Extensión 582 p., [2] h. pleg. de lám.
700 11 - ENTRADA AGREGADA--NOMBRE PERSONAL
Nombre de persona Frontera, G.,
Término indicativo de función/relación
9 (RLIN) 52740
700 11 - ENTRADA AGREGADA--NOMBRE PERSONAL
Nombre de persona Barbery, Manuel María,
Término indicativo de función/relación
9 (RLIN) 125800
852 ## - LOCALIZACIÓN
Ubicación ES-MaACL
Número de control de estantería F-5284
Nota libre -- Enc. hol.
-- -- Dedic. ms. de E. Hugo al Ateneo
Holdings
Estatus retirado Estado de pérdida Estado de daño No para préstamo Colección Biblioteca de origen Biblioteca actual Ubicación en estantería Fecha de adquisición Fuente de adquisición Total de préstamos Signatura topográfica completa Código de barras Visto por última vez Precio de reemplazo Tipo de ítem Koha
        Libros del s. XIX Biblioteca del Ateneo de Madrid Biblioteca del Ateneo de Madrid Depósito 2 17/01/2008     F-5284 1173612 23/02/2023 23/02/2023 Libro impreso antiguo